000
00241nam a2200097Ia 4500
001
1222298
005
20250827092845.0
008
250824s9999 xx 000 0 und d
245
0
_a
16.50 TRENİ
_c
AGATHA CHRİSTİE
260
_b
ALTIN KİTAPLAR
999
_c
1222298
_d
1222298